书目信息 |
| 题名: |
费边社史
|
|
| 作者: | 柯尔 著 ;杜安夏 , 杜小敏 译 | |
| 分册: | ||
| 出版信息: | 北京 商务印书馆 1984 |
|
| 页数: | 374页 | |
| 开本: | 22cm | |
| 丛书名: | ||
| 单 册: | ||
| 中图分类: | D756.164 | |
| 科图分类: | ||
| 主题词: | 政党--英国 , 政治组织--英国 | |
| 电子资源: | ||
| ISBN: | ||
| 000 | 00799nam0 2200277 45 | |
| 001 | 0184014106 | |
| 005 | 20050623152551.2 | |
| 010 | @dCNY1.50 | |
| 091 | @a3017.354 | |
| 100 | @a19950620d1984 em y0chiy0121 ea | |
| 101 | 1 | @achi@ceng |
| 102 | @aCN@b110000 | |
| 105 | @ay z 000yy | |
| 200 | 10 | @a费边社史@Afei bian she shi@f(英)玛格丽特·柯尔著@F(Ying)Ma Ge Li Te·Ke Er Zhu@g杜安夏,杜小敏等译 |
| 210 | @a北京@c商务印书馆@d1984 | |
| 215 | @a374页@d22cm | |
| 300 | @a附录一,费边社的“规则”与“基础”等 | |
| 606 | 0 | @a政党@y英国 |
| 606 | 0 | @a政治组织@y英国 |
| 690 | @aD756.164@v3 | |
| 701 | 0 | @a柯尔@4著 |
| 702 | 0 | @a杜安夏@Adu an xia@4译 |
| 702 | 0 | @a杜小敏@ADu Xiao Min@4译 |
| 801 | 0 | @aCN@b上海图书馆@c20031222 |
| 801 | 2 | @aCN@bNLC@c20031222 |
| 905 | @dD756.164@e70@b121434@f1 | |
| 费边社史/(英)玛格丽特·柯尔著/杜安夏,杜小敏等译.-北京:商务印书馆,1984 |
| 374页;22cm |
| 附录一,费边社的“规则”与“基础”等 |
| ISBN :CNY1.50 |
| ● |
| 相关链接 |
|
|
|
|
正题名:费边社史
索取号:D756.164/70
 
预约/预借
| 序号 | 登录号 | 条形码 | 馆藏地/架位号 | 状态 | 备注 |
| 1 | 0121432 | 001864218 | 密集书库/ [索取号:D756.164/70] | 在馆 | |
| 2 | 0121433 | 001014066 | 第一借阅区/ [索取号:D756.164/70] | 在馆 |